000 00480nam a2200169Ia 4500
008 230917s9999||||xx |||||||||||||| ||und||
020 _cUSD49.95
040 _e233758
_aMAIN
041 _aEnglish
082 _a647.94068 N42N
100 _aX
245 0 _aNew perspectives in hospitality management
260 _aBingley
_bEmerald Group Publishing
_c2015
300 _a203 p.
500 _a2356 03/08/2016 IBS16/64 03/08/2016 Rashtriya Uchchatar Shiksha Abhiyan
942 _cBK
999 _c18878
_d18878